1938 1112 1002 1983 1563 1217 1723 1731 1145 1605 1411 1185 1534 1773 1053 1770 1926 1190 1074 1645 1957 1337 1096 1705 1228 1746 1229 1484 1916 1981 1223 1959 1633 1078 1322 1345 1585 1959 1751 1925 1974 1619 1602 1966 1359 1486 1697 1732 1595 1037 1533 1197 1064 1800 1820 1794 1394 1996 1515 1513 1907 1457 1445 1934 2000 1958 1353 1651 1309 1231 1174 1923 1437 1564 1878 1827 1076 1388 1473 1561 1293 1006 1672 1063 1108 1111 1320 1851 1951 1710 1491 1613 1820 1089 1323 1765 1168 1262 1429 BCNSPRNW ULIB Ver.6.0+V

เปลี่ยนเป็นภาษาไทย

Change to English
 แสดงรายละเอียดบรรณานุกรม
  กลับหน้าหลัก

Brief Record : Get Marc (ISO 2709) : E-mail record : QR code < ปิดหน้าต่าง
LEADER : 00000nam 2200000uu 4500
001    13399121774
003     ULIB
008    121206s2551||||th 000 0 tha d
020    ^a9744655437
060 04 ^aWQ15^bพ247ศ
100 0  ^aพรพรรณ ภูสาหัส
245 10 ^aศัพท์ทางสูติศาสตร์ที่ควรทราบ /^cพรพรรณ ภูสาหัส
250    ^aพิมพ์ครั้งที่ 3
260    ^aนนทบุรี :^bโครงการสวัสดิการวิชาการ สถาบันพระบรมราชชนก,^c2551
300    ^a135 หน้า :^bภาพระกอบ ;^c19 ซม.
650  7 ^aสูติศาสตร์^vคำศัพท์
710 2  ^aสถาบันพระบรมราชชนก. ^bโครงการสวัสดิการวิชาการ
945    ^p120^l0^i24431
995    ^aทศพร
999    ^aทศพร เกษรทอง
รายการนี้ยังไม่มีแท็ก
คุณยังไม่ได้ล็อกอิน คุณสามารถมีกิจกรรมร่วมกับเว็บไซต์ได้ แต่ต้องล็อกอินก่อน ::
  ล็อกอิน

รายการสื่อสารสนเทศ

ลำดับที่ ประเภท เลขเรียก/บาร์โค้ด สถานที่ สถานะ
1. วิทยาศาสตร์การแพทย์ และสุขภาพ
วิทยาศาสตร์การแพทย์ และสุขภาพ
WQ15 พ247ศ ฉ.1 
  Barcode: 24431
ห้องสมุดวิทยาเขตสวรรค์ประชารักษ์
►หนังสือทั่วไป
บนชั้น

รายการใกล้เคียง
    ผู้แต่ง [พรพรรณ ภูสาหัส]

BibComment


ยังไม่เคยถูกคอมเมนท์

คอมเมนท์ทรัพยากรรายการนี้
  คอมเมนท์: ศัพท์ทางสูติศาสต..


 Copyright 2026. Bcnsprnw @Library